书目信息 |
| 题名: |
你的孩子也是天才
|
|
| 作者: | 陈大为 著 | |
| 分册: | ||
| 出版信息: | 北京 东方出版社 2005.01 |
|
| 页数: | 249页 | |
| 开本: | 20cm | |
| 丛书名: | ||
| 单 册: | ||
| 中图分类: | G78 | |
| 科图分类: | ||
| 主题词: | ||
| 电子资源: | ||
| ISBN: | 7-5060-2127-7 | |
| 000 | 00633nam0 2200193 450 | |
| 001 | 0542508590 | |
| 005 | 20050608115022.51 | |
| 010 | @a7-5060-2127-7@d28.00CNY | |
| 100 | @a20050608d2005 km y0chiy0120 ea | |
| 101 | 0 | @achi |
| 102 | @aCN@b110000 | |
| 200 | 1 | @a你的孩子也是天才@Ani de hai zi ye shi tian cai@e培养天才儿童的LT智能教育法@f陈大为著@Fchen da wei zhu |
| 210 | @a北京@c东方出版社@d2005.01 | |
| 215 | @a249页@d20cm | |
| 517 | 1 | @a培养天才儿童的LT智能教育法@Apei yang tian cai er tong de LT zhi neng jiao yu fa |
| 690 | @aG78@v4 | |
| 701 | 0 | @a陈大为@Achen da wei@4著 |
| 801 | 0 | @aCN@bPFT@c20050608 |
| 905 | @a10447@dG78@eC397 | |
| 你的孩子也是天才:培养天才儿童的LT智能教育法/陈大为著.-北京:东方出版社,2005.01 |
| 249页;20cm |
| ISBN 7-5060-2127-7:28.00CNY |
| ● |
| 相关链接 |
|
|
|
正题名:你的孩子也是天才
索取号:G78/C397
 
预约/预借
| 序号 | 登录号 | 条形码 | 馆藏地/架位号 | 状态 | 备注 |
| 1 | 536610 | 205366101 | 社科库409/409社科库 16排4列4层/ [索取号:G78/C397] | 在馆 | |
| 2 | 536611 | 205366110 | 社科库409/409社科库 16排4列4层/ [索取号:G78/C397] | 在馆 | |
| 3 | 536612 | 205366129 | 社科库409/409社科库 16排4列4层/ [索取号:G78/C397] | 在馆 | |
| 4 | 536613 | 205366138 | 社科二线422/422社科库 40排4列5层/ [索取号:G78/C397] | 在馆 | |
| 5 | 536614 | 205366147 | 社科二线422/409社科库 18排4列2层/ [索取号:G78/C397] | 在馆 |